[Event "SVK-chT4 A22 1516"]
[Site "Slovakia"]
[Date "2016.01.10"]
[Round "6.1"]
[White "Csefalvay, Stefan"]
[Black "Mackovic, Miroslav"]
[Result "1-0"]
[WhiteElo "1836"]
[BlackElo "1899"]
[PlyCount "83"]
[EventDate "2015.10.04"]
[EventType "team-tourn"]
[EventRounds "11"]
[EventCountry "SVK"]
[SourceTitle "EXT 2020"]
[Source "ChessBase"]
[SourceDate "2019.10.17"]
[SourceVersion "1"]
[SourceVersionDate "2019.10.17"]
[SourceQuality "1"]

1. Nf3 Nf6 2. c4 g6 3. Nc3 Bg7 4. g3 0-0 5. Bg2 d6 6. d4 a6 7. 0-0 Nc6 8. d5 Na5 9. Qd3 c5 10. Bg5 h6 11. Bd2 Rb8 12. e4 Bd7 13. Rab1 b5 14. b3 b4 15. Nd1 Nb7 16. Ne3 Nh7 17. Bc1 a5 18. Bb2 Bxb2 19. Rxb2 Ra8 20. e5 Kg7 21. e6 fxe6 22. dxe6 Be8 23. Nh4 Ra7 24. Nd5 Qc8 25. Re2 Nd8 26. Rfe1 Nc6 27. f4 Nf6 28. h3 a4 29. bxa4 Nd4 30. Re3 Nxd5 31. Bxd5 Rxa4 32. Nf3 Nxf3+ 33. Rxf3 Rxa2 34. g4 Bc6 35. f5 g5 36. Ref1 Kf6 37. h4 Bxd5 38. Qxd5 Qa6 39. hxg5+ hxg5 40. Rh3 Ra1 41. Rh6+ Kg7 42. Rg6+ 1-0

[Event "SVK-chT2A 1516"]
[Site "Slovakia"]
[Date "2015.12.05"]
[Round "5.8"]
[White "Mackovic, Miroslav"]
[Black "Zlamal, Marek"]
[Result "0-1"]
[WhiteElo "1882"]
[BlackElo "1738"]
[PlyCount "128"]
[EventDate "2015.10.17"]
[EventType "team-tourn"]
[EventRounds "11"]
[EventCountry "SVK"]
[SourceTitle "CBM 169 Extra"]
[Source "ChessBase"]
[SourceDate "2015.12.18"]
[SourceVersion "1"]
[SourceVersionDate "2015.12.18"]
[SourceQuality "1"]
[WhiteTeam "Trnava Modranka"]
[BlackTeam "Skalica"]
[WhiteTeamCountry "SVK"]
[BlackTeamCountry "SVK"]

1. e4 c5 2. Nf3 Nc6 3. d4 cxd4 4. Nxd4 e5 5. Nb5 a6 6. Nd6+ Bxd6 7. Qxd6 Qf6 8. Qd1 Qh4 9. Nc3 Nf6 10. g3 Qg4 11. f3 Qh5 12. Be3 0-0 13. Bg2 d6 14. Qd2 Be6 15. g4 Qg6 16. h4 h5 17. g5 Nd7 18. Qxd6 f5 19. Bh3 Rad8 20. Nd5 Ndb8 21. Qc5 fxe4 22. Bxe6+ Qxe6 23. fxe4 Qg4 24. Qc4 Na5 25. Ne7+ Kh7 26. Qe2 Rf3 27. g6+ Kh8 28. Bf2 Rf4 29. Qxg4 Rxg4 30. Rg1 Rxe4+ 31. Kf1 Rd7 32. Nf5 Rd2 33. Ng3 Rf4 34. Ne2 Rf6 35. b3 Nac6 36. c3 e4 37. Ke1 Rd3 38. Rd1 Rdf3 39. Bd4 Nxd4 40. Rxd4 Nc6 41. Rxe4 Rf8 42. Rg5 Rf1+ 43. Kd2 Ra1 44. Rxh5+ Kg8 45. Ke3 Rxa2 46. Nf4 Ra3 47. Re6 Rxb3 48. Nd5 Rd8 49. Rf5 a5 50. Rxc6 Re8+ 51. Ne7+ Rxe7+ 52. Kd4 bxc6 53. Rxa5 Rb8 54. Rc5 Rd8+ 55. Kc4 Re4+ 56. Kb3 Rc8 57. h5 Kf8 58. c4 Re3+ 59. Kc2 Ke7 60. Rf5 Rf8 61. Ra5 Rf2+ 62. Kd1 Rh3 63. Re5+ Kf6 64. Re1 Rxh5 0-1

[Event "SVK-chT2A 1415"]
[Site "Slovakia"]
[Date "2015.02.15"]
[Round "9.7"]
[White "Vrtiakova, Anna"]
[Black "Mackovic, Miroslav"]
[Result "1/2-1/2"]
[WhiteElo "1966"]
[BlackElo "1846"]
[PlyCount "113"]
[EventDate "2014.10.11"]
[EventType "team-tourn"]
[EventRounds "11"]
[EventCountry "SVK"]
[SourceTitle "EXT 2016"]
[Source "ChessBase"]
[SourceDate "2015.10.08"]
[SourceVersion "1"]
[SourceVersionDate "2015.10.08"]
[SourceQuality "1"]
[WhiteTeam "Bratislava KSN"]
[BlackTeam "Trnava Modranka"]
[WhiteTeamCountry "SVK"]
[BlackTeamCountry "SVK"]

1. e4 c5 2. Nf3 d6 3. Bb5+ Nc6 4. d4 cxd4 5. Nxd4 Bd7 6. Bxc6 bxc6 7. c4 g6 8. 0-0 Bg7 9. Nc3 Rb8 10. Qd3 Nf6 11. f3 0-0 12. Be3 c5 13. Nb3 Be6 14. Qe2 Nd7 15. Rfd1 Qe8 16. Nd5 Nb6 17. Rac1 Rc8 18. Rc2 Na4 19. Nc1 f5 20. Nd3 fxe4 21. fxe4 Qd7 22. h3 Bxd5 23. exd5 Rb8 24. Re1 Rf7 25. Bc1 Rbf8 26. b3 Nb6 27. Qe4 Qf5 28. Qxf5 gxf5 29. Rce2 Bf6 30. Nf4 Nd7 31. Ne6 Rc8 32. Rf1 Be5 33. Ng5 Rf6 34. Nf3 Rf7 35. Nxe5 dxe5 36. Bb2 e4 37. g4 fxg4 38. Rxf7 Kxf7 39. Rxe4 gxh3 40. Kh2 Nf8 41. Kxh3 e6 42. Rf4+ Kg8 43. Rg4+ Ng6 44. dxe6 Re8 45. Re4 Rxe6 46. Rxe6 Nf4+ 47. Kg4 Nxe6 48. Kf5 Kf7 49. a3 Ke7 50. b4 a6 51. Bc3 Kd6 52. Be5+ Kd7 53. bxc5 Nxc5 54. Kg5 Ke6 55. Bd4 Nb3 56. Bc3 a5 57. Bxa5 1/2-1/2

[Event "SVK-chT4A21 1415"]
[Site "Slovakia"]
[Date "2015.01.18"]
[Round "7.3"]
[White "Orvisky, Vladimir"]
[Black "Mackovic, Miroslav"]
[Result "1-0"]
[WhiteElo "1800"]
[BlackElo "1846"]
[PlyCount "111"]
[EventDate "2014.10.12"]
[EventType "team-tourn"]
[EventRounds "11"]
[EventCountry "SVK"]
[SourceTitle "EXT 2022"]
[Source "ChessBase"]
[SourceDate "2021.10.06"]
[SourceVersion "1"]
[SourceVersionDate "2021.10.06"]
[SourceQuality "1"]
[WhiteTeam "Piestany Kupele II"]
[BlackTeam "Modranka Komplet Juniors"]
[WhiteTeamCountry "SVK"]
[BlackTeamCountry "SVK"]

1. c4 Nf6 2. Nc3 g6 3. Nf3 Bg7 4. d3 d6 5. g3 c5 6. Bg2 Nc6 7. Bd2 a6 8. 0-0 Rb8 9. a4 Bd7 10. Re1 Qc7 11. Rb1 Nb4 12. Qc1 h6 13. b3 g5 14. Rd1 Qb6 15. Qb2 0-0 16. h4 g4 17. Ne1 Bc6 18. Qc1 Bxg2 19. Nxg2 Kh7 20. Ne3 e6 21. Nc2 Rbc8 22. Be3 Nxc2 23. Qxc2 Nd7 24. d4+ f5 25. dxc5 Qc7 26. Rxd6 Nxc5 27. Bxc5 Qxc5 28. Rxe6 Qd4 29. Rc1 Kh8 30. Nd5 Rf7 31. Ne7 Rc7 32. Nxf5 Qc5 33. Re8+ Bf8 34. Qc3+ Kh7 35. e4 Qc6 36. Qe5 Qb6 37. Qd5 Rcd7 38. Qe6 Qxe6 39. Rxe6 Rd3 40. Rb1 Rd2 41. Re5 b6 42. Rd5 Re2 43. Kf1 Ra2 44. Rbd1 Kg6 45. R1d2 Ra1+ 46. Ke2 Bc5 47. h5+ Kh7 48. Rd7 Rxd7 49. Rxd7+ Kh8 50. Nxh6 Ra2+ 51. Rd2 Ra3 52. Nxg4 Rxb3 53. h6 Kh7 54. Rd7+ Kg6 55. Rg7+ Kh5 56. h7 1-0

[Event "Stara Lubovna op"]
[Site "Stara Lubovna"]
[Date "2014.04.06"]
[Round "1"]
[White "Manik, Mikulas"]
[Black "Mackovic, Miroslav"]
[Result "1-0"]
[WhiteElo "2390"]
[BlackElo "1905"]
[PlyCount "39"]
[EventDate "2014.04.06"]
[EventType "swiss"]
[EventRounds "7"]
[EventCountry "SVK"]
[SourceTitle "CBM 160 Extra"]
[Source "ChessBase"]
[SourceDate "2014.07.01"]
[SourceVersion "1"]
[SourceVersionDate "2014.07.01"]
[SourceQuality "1"]

1. e4 c5 2. Nf3 d6 3. d4 cxd4 4. Nxd4 Nf6 5. Nc3 a6 6. Bg5 e6 7. f4 Be7 8. Qf3 Qc7 9. 0-0-0 Nc6 10. Nxc6 bxc6 11. e5 dxe5 12. fxe5 Nd5 13. Bxe7 Qxe7 14. Ne4 0-0 15. Bd3 Nb4 16. Nf6+ Kh8 17. Qe4 Nxd3+ 18. Rxd3 g6 19. Rh3 h5 20. Rxh5+ 1-0

[Event "SVK-chT3A2 1314"]
[Site "Slovakia"]
[Date "2014.01.19"]
[Round "7.4"]
[White "Mackovic, Miroslav"]
[Black "Kubik, Peter1111"]
[Result "1/2-1/2"]
[WhiteElo "1936"]
[BlackElo "1771"]
[PlyCount "71"]
[EventDate "2013.10.13"]
[EventType "team-tourn"]
[EventRounds "11"]
[EventCountry "SVK"]
[SourceTitle "EXT 2015"]
[Source "ChessBase"]
[SourceDate "2014.11.20"]
[SourceVersion "1"]
[SourceVersionDate "2014.11.20"]
[SourceQuality "1"]
[WhiteTeam "Trnava Modranka"]
[BlackTeam "Senica SK"]
[WhiteTeamCountry "SVK"]
[BlackTeamCountry "SVK"]

1. e4 d5 2. exd5 Qxd5 3. Nc3 Qa5 4. d4 Nf6 5. Bd3 Bg4 6. f3 Bh5 7. Nge2 Nbd7 8. 0-0 e5 9. Kh1 0-0-0 10. Qe1 Bg6 11. Bxg6 hxg6 12. dxe5 Qxe5 13. Ng3 Qa5 14. Nce4 Qxe1 15. Rxe1 Nxe4 16. Nxe4 f6 17. Bf4 Nc5 18. Nxc5 Bxc5 19. h3 g5 20. Be3 Bxe3 21. Rxe3 Rd2 22. Rc1 Rhd8 23. Kg1 Rd1+ 24. Rxd1 Rxd1+ 25. Kf2 Rd2+ 26. Re2 Rxe2+ 27. Kxe2 Kd7 28. Kd3 Ke6 29. g3 Ke5 30. Ke3 f5 31. f4+ gxf4+ 32. gxf4+ Kd5 33. Kd3 a5 34. c4+ Ke6 35. a3 Kf6 36. Ke3 1/2-1/2

[Event "SVK-chT4 A22 1314"]
[Site "Slovakia"]
[Date "2013.10.20"]
[Round "2.3"]
[White "Benkovsky, Peter"]
[Black "Mackovic, Miroslav"]
[Result "1/2-1/2"]
[WhiteElo "1683"]
[BlackElo "1936"]
[PlyCount "120"]
[EventDate "2013.10.06"]
[EventType "team-tourn"]
[EventRounds "11"]
[EventCountry "SVK"]
[SourceTitle "EXT 2015"]
[Source "ChessBase"]
[SourceDate "2014.11.20"]
[SourceVersion "1"]
[SourceVersionDate "2014.11.20"]
[SourceQuality "1"]
[WhiteTeam "Trnava Lokomotiva V"]
[BlackTeam "Trnava Modranka II"]
[WhiteTeamCountry "SVK"]
[BlackTeamCountry "SVK"]

1. d4 e6 2. c4 Nf6 3. Nc3 Be7 4. e4 d6 5. Nf3 0-0 6. Be3 c6 7. Bd3 Nfd7 8. Qc2 g6 9. 0-0 Qc7 10. Rac1 a6 11. a3 f5 12. Bh6 Re8 13. Rfe1 Nf6 14. h3 b5 15. Ng5 bxc4 16. Bxc4 d5 17. exd5 cxd5 18. Ba2 Qd6 19. Na4 Bd7 20. Nc5 Ne4 21. Ngxe4 fxe4 22. Be3 Rc8 23. Qd2 Be8 24. Bf4 Qb6 25. Na4 Qb7 26. Rxc8 Qxc8 27. Nb6 Qb7 28. Nxa8 Qxa8 29. Rc1 Nc6 30. Bb3 Na7 31. Rc7 Bd8 32. Rc5 Qb7 33. Be5 Qf7 34. Qf4 Qxf4 35. Bxf4 Bb6 36. Rc7 Bxc7 37. Bxc7 Bb5 38. Bc2 Be2 39. Ba4 Kf7 40. Bd6 h5 41. Bd7 Bb5 42. Bc5 Bxd7 43. Bxa7 Bb5 44. Bc5 Be2 45. Kh2 Ke8 46. Kg3 g5 47. h4 gxh4+ 48. Kxh4 Kd7 49. Kg5 Kc6 50. Kf4 Kb5 51. Bb4 Kc4 52. Ke3 Bg4 53. Bc3 h4 54. Kd2 h3 55. gxh3 Bxh3 56. Ke3 Bg4 57. Kd2 e5 58. Ke3 exd4+ 59. Bxd4 a5 60. Bc3 a4 1/2-1/2

[Event "SVK-chT4 A22 1213"]
[Site "Slovakia"]
[Date "2013.01.06"]
[Round "6.3"]
[White "Puskar, David"]
[Black "Mackovic, Miroslav"]
[Result "0-1"]
[WhiteElo "1699"]
[BlackElo "1919"]
[PlyCount "70"]
[EventDate "2012.10.14"]
[EventType "team-tourn"]
[EventRounds "11"]
[EventCountry "SVK"]
[SourceTitle "EXT 2015"]
[Source "ChessBase"]
[SourceDate "2014.11.20"]
[SourceVersion "1"]
[SourceVersionDate "2014.11.20"]
[SourceQuality "1"]
[WhiteTeam "Trnava Lokomotiva Solartec V"]
[BlackTeam "Trnava Modranka II"]
[WhiteTeamCountry "SVK"]
[BlackTeamCountry "SVK"]

1. c4 Nf6 2. Nc3 g6 3. g3 Bg7 4. Bg2 0-0 5. Nf3 d6 6. 0-0 c5 7. d3 Nc6 8. Bd2 a6 9. Qc1 Re8 10. Bh6 Bh8 11. e4 Rb8 12. a4 Nd7 13. h4 Nde5 14. Qd2 Nxf3+ 15. Bxf3 Nd4 16. Bd1 Bh3 17. Re1 Qc8 18. h5 Bg4 19. hxg6 hxg6 20. Kg2 Bh3+ 21. Kh2 f6 22. Be3 Nc6 23. Rh1 Kf7 24. Kg1 Bg7 25. Bh6 Rh8 26. Bxg7 Kxg7 27. Bf3 Nd4 28. Qd1 Qd7 29. b3 Rh7 30. Nd5 g5 31. Ne3 Rh6 32. Ra3 Rbh8 33. Rh2 g4 34. Bxg4 Bxg4 35. Nxg4 Rxh2 0-1

[Event "SVK-chT2A 1112"]
[Site "Slovakia"]
[Date "2012.01.28"]
[Round "8.7"]
[White "Polacik, Igor"]
[Black "Mackovic, Miroslav"]
[Result "1-0"]
[WhiteElo "2165"]
[BlackElo "1911"]
[PlyCount "93"]
[EventDate "2011.10.08"]
[EventType "team-tourn"]
[EventRounds "11"]
[EventCountry "SVK"]
[SourceTitle "EXT 2013"]
[Source "ChessBase"]
[SourceDate "2012.11.22"]
[SourceVersion "1"]
[SourceVersionDate "2012.11.22"]
[SourceQuality "1"]
[WhiteTeam "Bratislava Doprastav III"]
[BlackTeam "Trnava Modranka"]
[WhiteTeamCountry "SVK"]
[BlackTeamCountry "SVK"]

1. e4 c5 2. Nf3 d6 3. Bb5+ Bd7 4. Bxd7+ Qxd7 5. 0-0 Nc6 6. c3 Nf6 7. d4 cxd4 8. cxd4 Nxe4 9. d5 Nb8 10. Re1 Nf6 11. Bg5 h6 12. Bxf6 gxf6 13. Nc3 Na6 14. Qd4 Bg7 15. Ne4 0-0 16. Ng3 e5 17. Qh4 Nc7 18. Rad1 Rad8 19. Qh5 f5 20. Nxf5 f6 21. Qg6 Kh8 22. N3h4 Qf7 23. Nxh6 Bxh6 24. Qxh6+ Qh7 25. Ng6+ Kg8 26. Qxh7+ Kxh7 27. Nxf8+ Rxf8 28. Re3 Kg7 29. Ra3 a6 30. Rb3 b5 31. Rc3 Rf7 32. Rc6 Rd7 33. b4 Kf7 34. f3 f5 35. Kf2 Kf6 36. Ke3 Kg5 37. g3 Kf6 38. Kf2 Kf7 39. h4 Kg7 40. a3 Kf6 41. Rd2 e4 42. f4 Kg6 43. Rb6 Kh5 44. Rb8 Re7 45. Rh8+ Kg4 46. Rg8+ Kh3 47. Kg1 1-0

[Event "SVK-chT2A 1112"]
[Site "Slovakia"]
[Date "2011.12.04"]
[Round "6.6"]
[White "Mackovic, Miroslav"]
[Black "Puchart, Vladimir"]
[Result "1-0"]
[WhiteElo "1911"]
[BlackElo "2079"]
[PlyCount "63"]
[EventDate "2011.10.08"]
[EventType "team-tourn"]
[EventRounds "11"]
[EventCountry "SVK"]
[SourceTitle "EXT 2013"]
[Source "ChessBase"]
[SourceDate "2012.11.22"]
[SourceVersion "1"]
[SourceVersionDate "2012.11.22"]
[SourceQuality "1"]
[WhiteTeam "Trnava Modranka"]
[BlackTeam "Trnava Lokomotiva II"]
[WhiteTeamCountry "SVK"]
[BlackTeamCountry "SVK"]

1. e4 c5 2. Nf3 d6 3. d4 cxd4 4. Nxd4 Nf6 5. Nc3 a6 6. Be2 e5 7. Nb3 Be7 8. f4 Qc7 9. 0-0 0-0 10. g4 exf4 11. g5 Nfd7 12. Bxf4 Ne5 13. Nd5 Qd8 14. Nxe7+ Qxe7 15. c4 Be6 16. Nd2 Nbd7 17. b3 Nc5 18. Kh1 Bh3 19. Rg1 Ng6 20. Bg3 Rad8 21. Qc2 Rfe8 22. Bf3 Qxg5 23. Nf1 Ne5 24. Bxe5 Qxe5 25. Ng3 Re6 26. Rad1 Rg6 27. Rd5 Qf4 28. Qe2 Bg4 29. Bxg4 Qxg4 30. Qxg4 Rxg4 31. e5 Rg5 32. Rgd1 1-0